What If... (Record no. 49133)
| 000 -LEADER | |
|---|---|
| fixed length control field | 00404nam a22001217a 4500 |
| 008 - FIXED-LENGTH DATA ELEMENTS--GENERAL INFORMATION | |
| fixed length control field | 250806b |||||||| |||| 00| 0 eng d |
| 020 ## - INTERNATIONAL STANDARD BOOK NUMBER | |
| International Standard Book Number | 9780316390965 |
| 100 ## - MAIN ENTRY--PERSONAL NAME | |
| Personal name | Samantha Berger (Author), Michael Curato (Illustrator) |
| 9 (RLIN) | 86477 |
| 245 ## - TITLE STATEMENT | |
| Title | What If... |
| 260 ## - PUBLICATION, DISTRIBUTION, ETC. (IMPRINT) | |
| Place of publication, distribution, etc | New York, Boston |
| Name of publisher, distributor, etc | Little, Brown Books for Young Readers |
| Date of publication, distribution, etc | 2018 |
| 300 ## - PHYSICAL DESCRIPTION | |
| Extent | 40 pages |
| Other physical details | col. ill. |
| Dimensions | 10.38 x 0.5 x 10.5 inches |
| 942 ## - ADDED ENTRY ELEMENTS (KOHA) | |
| Source of classification or shelving scheme | |
| Withdrawn status | Lost status | Source of classification or shelving scheme | Damaged status | Not for loan | Collection code | Home library | Current library | Date acquired | Total Checkouts | Full call number | Barcode | Checked out | Date last seen | Date checked out | Price effective from | Koha item type |
|---|---|---|---|---|---|---|---|---|---|---|---|---|---|---|---|---|
| Siem Riep | Asian Hope Siem Reap | Asian Hope Siem Reap | 08/06/2025 | 1 | EFIC SAM | 209090 | 04/09/2026 | 04/09/2026 | 04/09/2026 | 08/06/2025 | Book |